Statistiques concernant Les aliments blancs par images

Cliquez ici pour prendre le quiz!

Statistiques générales

  • Ce quiz a été pris 299 fois
  • Le résultat moyen est 13 sur 16

Statistiques - réponses

Réponse% Correct
Chocolat blanc
98%
Farine
98%
Noix de coco
98%
Oeuf
98%
Riz
98%
Champignon
97%
Sucre
97%
Ail
96%
Macaron
96%
Oignon
94%
Litchi
92%
Endive
85%
Choux fleur
78%
Haricot
62%
Manioc
35%
Morue
17%

Distribution des résultats

Percentile par nombre de réponses

% des personnes avec chaque résultat

Votre développement - résultats

Vous n’avez pas pris ce quiz